000 00778nam a22002532 4500
999 _c9590
_d9590
001 9590
003 BD - JhCC
005 20191112134008.0
008 180320s1974 enkab j 000 0 eng d
020 _a0600344312
035 _aOCLC ocm16304992 from D970505M
_a(BD - JhCC)9590
040 _aUKM
_cUKM
_dEQO
_dBD - JhCC
041 1 _aeng
_hita
050 1 _aAG5
082 0 _a082
_219
_bZAN 1974
100 1 _aZanini, Giuseppe.
_cLibro di come.
245 1 4 _aThe Hamlyn book of how /
_cGiuseppe Zanini
260 _aLondon :
_bHamlyn,
_c1974.
300 _a177 p. :
_bcol. ill., 1 col. map ;
_c27 cm.
500 _aAdaptation of: 'Il Libro di come'. Milano : Mondadori, 1973.
650 0 _aChildren's encyclopedias and dictionaries.
942 _2ddc
_cBK
_02